Les Deux Sources de la Morale et de la Religion (Registro nro. 310022)
[ vista simple ]
| 000 -ENCABEZADO | |
|---|---|
| Número de control [NR] | 01414nam a22002897a 4500 |
| 005 - FECHA Y HORA DE LA ÚLTIMA TRANSACCIÓN | |
| control field | 20180608110811.0 |
| 008 - DE LONGITUD FIJA DE DATOS DE ELEMENTOS - INFORMACIÓN GENERAL | |
| Elementos de longitud fija [NR] | 130821s1934 fr fr 1 fre |
| 040 ## - FUENTE DE CATALOGACION [NR] | |
| Agencia de catalogación original [NR] | Co-BoUCM |
| Idioma de catalogación [NR] | spa |
| Quien Cataloga | Sandra Yazo |
| Quien Clasifica | Sandra Yazo |
| 041 00 - CODIGO DE IDIOMA [R] | |
| Código de idioma para texto/pista de sonido o título separado [R] | Francés |
| 082 04 - NUMERO DE CLASIFICACION DECIMAL DEWEY [R] | |
| Número de clasificación [R] | 143 |
| Número de la edición [NR] | 20 |
| 092 ## - SIGNATURA TOPOGRAFICA LOCAL | |
| Número de clasificación local | E46N072 |
| 100 1# - ASIENTO PRINCIPAL--NOMBRE PERSONAL [NR] | |
| Nombre personal [NR] | Bergson, Henri |
| Fechas asociadas con el nombre [NR] | 1859-1941 |
| ID Autoridad | 92796 |
| 242 00 - TRADUCCION DEL TITULO POR LA AGENCIA CATALOGADORA [R] | |
| Título [NR] | Las dos fuentes de la Moral y de la Religión |
| Mención de responsabilidad, etc. [NR] | por Enrique Bergson |
| Código de idioma del título traducido [NR] | spa |
| 245 04 - MENCION DE TITULO [NR] | |
| Título [NR] | Les Deux Sources de la Morale et de la Religion |
| Mención de responsabilidad, etc. [NR] | par Henri Bergson |
| 260 ## - PUBLICACION, DISTRIBUCION, ETC. (PIE DE IMPRENTA) [R] | |
| Lugar de publicación, distribución, etc. [R] | París (Francia) |
| Nombre del editor, distribuidor, etc. [R] | Librairie Félix Alcan |
| Fecha de publicación, distribución, etc. [R] | 1934 |
| 300 ## - DESCRIPCION FISICA [R] | |
| Extensión [R] | 346 páginas |
| Dimensiones [R] | 21 x 14 cm. |
| 500 ## - NOTA GENERAL [R] | |
| Nota general [NR] | Detalles físicos: Encuadernación rígida (holandesa) en cartón duro forrado en papel jaspeado. Lomo de tela texturizada con adornos en dorado. Guardas. Anteportada. Portada impresa en una sola tinta. Texto impreso en una sola columna, con diferentes tipos y tamaños de letra. Márgenes amplios. Notas de pie de página. Índice<br/> |
| 505 0# - NOTA DE CONTENIDO CON FORMATO PREESTABLECIDO [R] | |
| Nota de contenido con formato preestablecido [NR] | La obligación moral ; La religión estática ; La religión dinámica ; Anotaciones finales sobre mecánica y mística ; Índice |
| 506 ## - NOTA DE RESTRICCIONES DE ACCESO [R] | |
| Condiciones de acceso [NR] | Consulta en sala |
| 546 ## - NOTA DE IDIOMA [R] | |
| Nota de idioma [NR] | Texto en francés |
| 650 #7 - ASIENTO SECUNDARIO DE MATERIA - TERMINO TEMATICO [R] | |
| Término temático o nombre geográfico como elemento de entrada [NR] | Filosofía en la literatura |
| 9 (RLIN) | 15808 |
| 650 #7 - ASIENTO SECUNDARIO DE MATERIA - TERMINO TEMATICO [R] | |
| Término temático o nombre geográfico como elemento de entrada [NR] | Literatura inglesa |
| Subdivisión cronológica [R] | Siglo XX |
| 9 (RLIN) | 84414 |
| 650 #7 - ASIENTO SECUNDARIO DE MATERIA - TERMINO TEMATICO [R] | |
| Término temático o nombre geográfico como elemento de entrada [NR] | Religión y moral |
| 9 (RLIN) | 23513 |
| 650 #7 - ASIENTO SECUNDARIO DE MATERIA - TERMINO TEMATICO [R] | |
| Término temático o nombre geográfico como elemento de entrada [NR] | Ética |
| 9 (RLIN) | 195 |
| 690 ## - ASUNTO AGREGADO LOCAL DE ENTRADA - TÉRMINO TEMÁTICO (OCLC, RLIN) | |
| Acceso temático local | Filosofía |
| 9 (RLIN) | 75 |
| 942 ## - ELEMENTOS DE ENTRADA AGREGADOS (KOHA) | |
| Tipo de ítem principal el descrito en 300a | Libro |
| Tema principal | 2 |
| Edición | 17 |
| Sistema de clasificación | LOCAL |
| Clasificación | E46N072 |
| Suprimido | Perdido | Sistema de clasificación | Dañado | No prestable | Tipo de ítem específico | Ubicación habitual | Ubicación actual | Localización | Fecha de creación | Forma de adquisición | Costo | Total préstamos | Signatura topográfica | Código de barras | Última vez visto | Ejemplar | Price effective from | Tipo de ítem |
|---|---|---|---|---|---|---|---|---|---|---|---|---|---|---|---|---|---|---|
| LOCAL | Libro archivo | Archivo Histórico | Archivo Histórico | Archivo histórico | 08/06/2018 | Donación | 0.00 | E46N072 | L006623 | 08/06/2018 | Ej.1 | 08/06/2018 | Libro |